| 000 | 00823cab a2200253 4500 | ||
|---|---|---|---|
| 001 | ABS49329 | ||
| 008 | 090401t1993 xxu||||| |||| 00| 0 eng d | ||
| 035 | _a(Sirsi) u70931 | ||
| 041 | _aeng | ||
| 100 | _aBrett, M. | ||
| 245 | _aShowing what is really going on | ||
| 260 | _c1993 | ||
| 350 | _a0 | ||
| 490 |
_aEstates Gazette _v(9338) 25 September 1993, 58-61(2) |
||
| 520 | _aExamines the implications of the Accounting Standards Board`s "Financial reporting exposure draft" (FRED4) for company accounting methods. | ||
| 650 | _aACCOUNTING STANDARDS | ||
| 650 | _aMANAGEMENT-BUSINESS MANAGEMENT-FINANCIAL MANAGEMENT-ACCOUNTING | ||
| 650 | _aCOMPANIES ACT 1989 | ||
| 650 | _aFRED4 | ||
| 650 | _aPROPERTY ASSETS | ||
| 690 | _aPROPERTY-PROPERTY FINANCE AND INVESTMENT | ||
| 942 | _n0 | ||
| 948 | _c04/03/1997 | ||
| 999 |
_c44687 _d44687 |
||